000 01075nam a2200217Ia 4500
999 _c34949
_d34949
001 778
003 GE_BSU
005 20240613125156.0
008 181216s2007||||ge |||||||||||||| ||geo||
040 _cGE_BSU
041 _ageo
080 _a613.648(075.8) გ–30
100 _aგელაშვილი, კლარა
_922424
245 _aრადიაციული ჰიგიენა :
_bსახელმძღვანელო სამედიცინო უნი–ტის სტუდ–სა და მაგისტრებისათვის /
_cკლარა გელაშვილი, ნინო ვეფხვაძე, ნინო კილაძე.
264 _aთბილისი :
_bთბილისის სახ. სამედიცინო უნ–ტის გამ–ბა,
_c2007.
300 _a214 გვ.
541 _h20ლ.
653 _aრადიაციული ჰიგიენა
700 _a ვეფხვაძე, ნინო
_eავტორი
_922425
942 _cBK
_2udc